Country Neighbour Connect: Longest border - Statistics

General Stats
  • This quiz has been taken 91 times
  • The average score is 109 of 152
Answers on the Map
Answers color-coded by a green-red scale on the quiz's map according to % correct below.
 
Answer Stats
Country % Correct
Canada
100%
Mexico
100%
United States
100%
Guatemala
97%
Belize
92%
Brazil
89%
Colombia
89%
Costa Rica
89%
Honduras
89%
Nicaragua
89%
Panama
89%
Venezuela
89%
Argentina
87%
Bolivia
87%
Ecuador
87%
Peru
87%
Chile
85%
France
85%
Paraguay
85%
Suriname
85%
Uruguay
85%
Guyana
84%
Portugal
84%
Spain
84%
Andorra
75%
Belgium
74%
Czech Republic
74%
United Arab Emirates
74%
Germany
74%
Iran
74%
Iraq
74%
Kazakhstan
74%
Netherlands
74%
Oman
74%
Poland
74%
Russia
74%
Saudi Arabia
74%
Turkmenistan
74%
Ukraine
74%
Uzbekistan
74%
Yemen
74%
Albania
72%
Armenia
72%
Austria
72%
Azerbaijan
72%
Bulgaria
72%
Georgia
72%
Greece
72%
Italy
72%
Jordan
72%
Romania
72%
Serbia
72%
Switzerland
72%
Syria
72%
Turkey
72%
Croatia
70%
Bosnia and Herzegovina
70%
Kosovo
70%
Montenegro
70%
North Macedonia
70%
Slovenia
70%
D. R. Congo
69%
Egypt
69%
Ethiopia
69%
Hungary
69%
Israel
69%
Kenya
69%
Lebanon
69%
Liechtenstein
69%
Moldova
69%
San Marino
69%
Slovakia
69%
Somalia
69%
South Sudan
69%
Sudan
69%
Uganda
69%
Vatican City
69%
Algeria
67%
Angola
67%
Botswana
67%
Burundi
67%
Cameroon
67%
Central African Republic
67%
Chad
67%
Equatorial Guinea
67%
Eswatini
67%
Gabon
67%
Lesotho
67%
Libya
67%
Malawi
67%
Morocco
67%
Mozambique
67%
Namibia
67%
Niger
67%
Nigeria
67%
Rep. of the Congo
67%
Rwanda
67%
South Africa
67%
Tanzania
67%
Zambia
67%
Zimbabwe
67%
Afghanistan
66%
Bangladesh
66%
Benin
66%
Bhutan
66%
Brunei
66%
Burkina Faso
66%
Cambodia
66%
China
66%
Djibouti
66%
East Timor
66%
Eritrea
66%
Finland
66%
Gambia
66%
Ghana
66%
Guinea
66%
Guinea-Bissau
66%
India
66%
Indonesia
66%
Ivory Coast
66%
Kuwait
66%
Kyrgyzstan
66%
Laos
66%
Liberia
66%
Malaysia
66%
Mali
66%
Mauritania
66%
Mongolia
66%
Myanmar
66%
Nepal
66%
North Korea
66%
Norway
66%
Pakistan
66%
Papua New Guinea
66%
Qatar
66%
Senegal
66%
Sierra Leone
66%
South Korea
66%
Sweden
66%
Tajikistan
66%
Thailand
66%
Togo
66%
Tunisia
66%
Vietnam
66%
Belarus
64%
Denmark
64%
Estonia
64%
Latvia
64%
Lithuania
64%
Luxembourg
64%
Monaco
64%
El Salvador
62%
No matching quizzes found
Score Distribution
Percent of People with Each Score
Percentile by Number Answered
Your Score History
You have not taken this quiz